| 000 | 00380nam a2200145 i 4500 | ||
|---|---|---|---|
| 001 | 103877 | ||
| 003 | ES-MaACL | ||
| 007 | t| | ||
| 008 | 051121s1972 sp ||||1| spa d | ||
| 100 | 1 |
_aMielgo, Rafael. _980964 |
|
| 245 | 1 | 0 |
_aSan Pablo para el pueblo / _cRafael Mielgo. |
| 260 |
_aMadrid : _bPS, _c1972. |
||
| 300 |
_a694 p. ; _c21 cm. |
||
| 852 |
_aES-MaACL _jE-9044 _bR.93374 |
||
| 999 |
_c103877 _d103877 |
||